U.S. Cities With The Most Job Growth - Statistics

General Stats
  • This quiz has been taken 27 times
  • The average score is 3 of 7
Answer Stats
Job Growth City Median Income % Correct
2.9% Las Vegas $51,811
78%
3.2% Orlando $53,195
78%
2.5% Jacksonville $55,374
74%
2.5% Raleigh $68,126
65%
2.6% Reno $57,613
39%
2.9% Provo $67,935
9%
3.3% Myrtle Beach $49,946
0%
No matching quizzes found
Score Distribution
Percent of People with Each Score
Percentile by Number Answered
Your Score History
You have not taken this quiz